000 00588nam a2200181 i 4500
001 46093
003 ES-MaACL
005 20250828084000.0
007 t|
008 030327s1968 sz ||||1| fre d
111 2 _aConférence Internationale de l'Instruction Publique (
_n31ª.
_d1968.
_cGinebra)
_9169
245 1 2 _aL'étude du milieu a l'école.
260 _aGenève, ect. :
_bBureau International d'Education,
_c1968.
300 _aXLIV, 191 p. ;
_c24 cm.
710 2 0 _aOficina Internacional de Educación
_96022
852 _aES-MaACL
_jC-46633
_bR.67662
999 _c46093
_d46093